000 00618cam a22002173a 4500
001 43233
003 PGUSA
005 20140828084001.0
008 130716s2013||||xxu|||||s|||||000 | eng d
040 _aPGUSA
_beng
042 _adc
100 1 _aCurie, Marie,
_d1867-1934
245 1 0 _aRecherches sur les substances radioactives
_h[electronic resource] /
_cMarie Curie
260 _bProject Gutenberg,
_c2013
506 _aPublic domain in the USA.
516 _aElectronic text
653 _aRadioactivity
830 0 _aProject Gutenberg
_v43233
856 4 0 _uhttp://www.gutenberg.org/ebooks/43233
942 _cEB
999 _c272484
_d272484